[Event "FRA-ch U12 Girls"]
[Site "Montbeliard"]
[Date "2014.04.27"]
[Round "9"]
[White "Georges, Lisa"]
[Black "Conti, Anne Marie"]
[Result "1-0"]
[WhiteElo "1481"]
[BlackElo "1469"]
[PlyCount "103"]
[EventDate "2014.04.21"]
[EventType "swiss"]
[EventRounds "9"]
[EventCountry "FRA"]
[SourceTitle "CBM 160 Extra"]
[Source "ChessBase"]
[SourceDate "2014.07.01"]
[SourceVersion "1"]
[SourceVersionDate "2014.07.01"]
[SourceQuality "1"]

1. d4 Nf6 2. Nf3 g6 3. g3 Bg7 4. Bg2 d6 5. 0-0 0-0 6. c4 Nbd7 7. Nc3 e5 8. e3 c6 9. Rb1 Qc7 10. b3 a6 11. Bb2 b5 12. cxb5 axb5 13. dxe5 Nxe5 14. Nxe5 dxe5 15. Nxb5 Qb6 16. Nc3 Re8 17. Qc1 Bd7 18. Ra1 h6 19. Na4 Qc7 20. Nc5 e4 21. Rd1 Bf5 22. Qc4 Qe7 23. Na4 Rac8 24. Nb6 Rc7 25. a4 Be6 26. Qc2 Qb4 27. Nc4 Bd5 28. Ba3 Qb8 29. Bd6 Bxc4 30. Qxc4 Nd5 31. Bxc7 Qxc7 32. Rac1 Qb8 33. Qxc6 Ne7 34. Qc4 Bb2 35. Rc2 Rc8 36. Qxe4 Ba3 37. Rxc8+ Qxc8 38. Qa8 Qxa8 39. Bxa8 Kg7 40. a5 Nc8 41. a6 Na7 42. Rd7 Bc5 43. Rc7 Bb6 44. Rb7 Nc8 45. Rb8 Ba7 46. Rxc8 Kf6 47. Rc6+ Kg7 48. b4 h5 49. b5 g5 50. b6 Bb8 51. f4 g4 52. a7 1-0

[Event "FRA-ch U12 Girls"]
[Site "Montbeliard"]
[Date "2014.04.25"]
[Round "7"]
[White "Labrande, Eleonore"]
[Black "Conti, Anne Marie"]
[Result "0-1"]
[WhiteElo "1328"]
[BlackElo "1469"]
[PlyCount "68"]
[EventDate "2014.04.21"]
[EventType "swiss"]
[EventRounds "9"]
[EventCountry "FRA"]
[SourceTitle "CBM 160 Extra"]
[Source "ChessBase"]
[SourceDate "2014.07.01"]
[SourceVersion "1"]
[SourceVersionDate "2014.07.01"]
[SourceQuality "1"]

1. e4 g6 2. d4 Bg7 3. Nf3 d6 4. Nc3 Nf6 5. Be2 0-0 6. 0-0 Nbd7 7. h3 e5 8. Be3 h6 9. Qd2 Kh7 10. Rad1 Qe7 11. Nh2 Ng8 12. Bg4 f5 13. exf5 gxf5 14. Nd5 Qd8 15. Bxf5+ Rxf5 16. Qd3 Ndf6 17. g4 e4 18. Nxf6+ Nxf6 19. Qc4 Rd5 20. Qa4 c6 21. b4 b5 22. Qb3 a5 23. a3 a4 24. Qc3 Bb7 25. Qb2 Nd7 26. c3 Qh4 27. Kg2 Rg8 28. Qc2 Qe7 29. Nf3 Kh8 30. Nh2 Bf8 31. Kh1 Qh4 32. Kg2 Rh5 33. Bf4 Qxh3+ 34. Kg1 Rxg4+ 0-1

[Event "FRA-ch U12 Girls"]
[Site "Saint Paul Trois Chateaux"]
[Date "2013.05.06"]
[Round "9"]
[White "Conti, Anne Marie"]
[Black "Georges, Lisa"]
[Result "1-0"]
[WhiteElo "1311"]
[BlackElo "1452"]
[PlyCount "84"]
[EventDate "2013.04.28"]
[EventType "swiss"]
[EventRounds "9"]
[EventCountry "FRA"]
[SourceTitle "CBM 154 Extra"]
[Source "ChessBase"]
[SourceDate "2013.06.25"]
[SourceVersion "2"]
[SourceVersionDate "2013.06.25"]
[SourceQuality "1"]

1. f4 c5 2. Nf3 Nf6 3. e3 g6 4. c3 Bg7 5. d4 cxd4 6. exd4 0-0 7. Bd3 d5 8. 0-0 Nc6 9. Qe1 e6 10. Ne5 Rb8 11. h3 b5 12. a3 a5 13. Nxc6 Qc7 14. Nxb8 Qxb8 15. Nd2 Bd7 16. Nf3 Rc8 17. Ne5 Be8 18. g4 Kf8 19. g5 Ng8 20. Be3 f6 21. gxf6 Nxf6 22. Bf2 Kg8 23. Bh4 Rc7 24. Bxf6 Bxf6 25. Ng4 Bg7 26. Qxe6+ Bf7 27. Qd6 Bf8 28. Qf6 Bg7 29. Qg5 Kh8 30. Ne5 Be6 31. f5 gxf5 32. Bxf5 Bg8 33. Kh1 Qb6 34. Qh5 Bf6 35. Qh6 Rg7 36. Ng6+ Rxg6 37. Bxg6 Bg7 38. Qh5 Qe6 39. Bf5 Qe7 40. Rae1 Qc7 41. Re8 h6 42. Qg6 Bf8 1-0